000 00278 a2200145 4500
001 59251
020 _a8574027030
040 _cAnchieta - Pituba
240 1 0 _aLeo Delibes
_lpor
245 1 0 _aLeo Delibes
300 _a54
362 0 _a2006
650 4 _aMúsica
942 _cBK
999 _c59251
_d59251